Feliz Natal (Registo nº 1873)

Detalhes MARC
000 -Etiqueta do registo
Cabeçalho 00810nam a22002771 4500
005 - Identificador da versão
Campo de controlo 20240813121918.0
010 ## - Número internacional normalizado dos livros (ISBN)
Número (ISBN) 9729927219
021 ## - Número do Depósito Legal
Código do país PT
100 ## - Dados gerais de processamento
Dados gerais de processamento 20070521d2004 c y0pory5003 ba
102 ## - Pais de publicação ou produção
País de publicação Portugal
101 1# - Língua de publicação
Língua do texto, banda sonora, etc. Português
Língua do documento no original Alemão
106 ## - Campo de dados codificados: material textual
Dados codificados do material textual r
105 ## - Campo de dados codificados: livros
Dados codificados dos livros a z 000fy
215 ## - Descrição física 
Indicação específica da natureza do documento e extensão da espécie [24] p.
Outras indicações físicas todo il.
Dimensões 29 cm
200 1# - Titulo e menção de responsabilidade
Título próprio Feliz Natal
Informação de outro título pequeno rei
Primeira menção de responsabilidade Hartmut Bieber
Outras menções de responsabilidade trad. Maria Celeste Sousa Alves
210 ## - Publicação, Distribuição, etc. 
Lugar da edição, distribuição, etc. [Leiria]
Nome do editor, distribuidor, etc. Arquivo
Data da publicação, distribuição, etc. cop. 2004
300 ## - Notas gerais 
Texto da nota Obra integrada no Plano Nacional de Leitura
606 ## - Nome comum usado como assunto
Número de registo de entrada de autoridade 0000001
Palavra de ordem Literatura estrangeira infantil
Subdivisão de assunto Conto
675 ## - Classificação Decimal Universal (CDU)
Notação 82-34
Edição
Língua da edição por
702 #1 - Nome de autor-pessoa física (responsabilidade secundária)
Número de registo de entrada de autoridade 0000425
Palavra de ordem Alves
Outra parte do nome não tomada para palavra de ordem Maria Celeste Sousa
Código de função Tradutor
700 #1 - Nome de autor-pessoa física (responsabilidade principal)
Número de registo de entrada de autoridade 0000424
Palavra de ordem Bieber
Outra parte do nome não tomada para palavra de ordem Hartmut
942 ## - Elementos de entrada adicionados (Koha)
Tipo de item no Koha Livro
Exemplares
Situação do levantamento Origin of item (home branch) (coded) Biblioteca de empréstimo Código de barras Cota Circulation type (not for loan) Tipo de documento Nota do exemplar Damaged status
  Biblioteca Escolar da Coca Maravilhas Biblioteca Escolar da Coca Maravilhas BECM7962/07 8EST BIE   Livro Sem mensagem